Pierre Garnier - Les mots [paroles] - Statistiques

Statistiques générales
  • Ce quiz a été pris 16 fois
  • Le résultat moyen est 57 sur 68
Statistiques - réponses
Réponse % Correct
j’ai
100%
(j’ai
100%
je
100%
les
100%
mots
100%
mots)
100%
pas
100%
a
92%
de
92%
et
92%
j’connais
92%
la
92%
mais
92%
me
92%
peine
92%
au
85%
autre
85%
beau
85%
ça
85%
c’est
85%
(c’est
85%
comme
85%
comment
85%
être
85%
fardeau
85%
faute
85%
faux
85%
fond
85%
jamais
85%
j’essaie
85%
j’me
85%
j’veux
85%
laissé
85%
leur
85%
mes
85%
paraît
85%
quand
85%
sais
85%
sens
85%
seul
85%
si
85%
(si
85%
sonne
85%
tout
85%
trop
85%
un
85%
veines
85%
vrai
85%
comprenne
77%
défauts
77%
dont
77%
du
77%
faire
77%
moi
77%
oh
77%
on
77%
plaque
77%
qu’j’ai
77%
qu’on
77%
reste
77%
semblant
77%
sol
77%
souvienne
77%
su
77%
temps
77%
fautes
69%
m’en
69%
toutes
69%
Aucun quiz correspondant
Distribution des résultats
% des personnes avec chaque résultat
Percentile par nombre de réponses
Votre historique - résultats
Vous n’avez pas pris ce quiz